00345nam a2200109Ia 4500008004100000020001500041050002400056100001700080245004900097260005000146300003900196150223s9999 xx 000 0 und d a0071464565 aTX 140b.AD327 2006 aAdler, Bill. 4aThe world according to martha /cBill Adler. aNew York :bThe Mc Graw Hill Companies,c2006 a182 pages :bIllustration ;c20 cm